000 00539nam a22001937a 4500
003 KOHA_MİRAKIL
005 20251127093820.0
008 251127b tu ||||| |||| 00| 0 tur d
020 _a9789753385722
040 _aTR-AnABB
_btur
_cTR-AnABB
041 _atur
082 _a813.42
_bARA 2010
100 1 _aAraslı, Alhan Altan,
245 1 0 _aMostar Köprüsü /
_cAlhan Altan Araslı
260 _aAnkara :
_bAkçağ Yayınevi,
_c2010
300 _a390 sayfa ;
_c20 cm
650 0 4 _aTürk edebiyatı, roman
942 _2ddc
_cBK
999 _c9660
_d9660
900 _bGizem YORULMAZ